[Event "Gibraltar Masters"]
[Site "Catalan Bay ENG"]
[Date "2004.01.31"]
[Round "5"]
[White "Pogorelov,R"]
[Black "Mannion,S"]
[Result "1-0"]
[WhiteElo "2451"]
[BlackElo "2352"]

1.c4 Nf6 2.Nf3 c5 3.Nc3 b6 4.g3 Bb7 5.Bg2 g6 6.O-O Bg7 7.d4 cxd4 8.Qxd4 d6
9.Be3 Nbd7 10.Rac1 Rc8 11.b3 a6 12.Rfd1 O-O 13.Qh4 Qe8 14.Bh3 b5 15.cxb5 Bxf3
16.exf3 axb5 17.Qb4 Rb8 18.f4 Nc5 19.Bg2 Na6 20.Qa5 Nc5 21.b4 Ne6 22.Ba7 Rc8
23.Nxb5 Qd7 24.Nd4 Nxd4 25.Bxd4 e6 26.b5 d5 27.Qb4 Ra8 28.a4 Rfb8 29.Ra1 Bf8
30.Qb2 Ne8 31.Bf1 Nd6 32.Bd3 Nb7 33.Rdc1 Na5 34.b6 Bd6 35.Bb5 Qd8 36.Bc6 Ra6
37.Qb5 Rbxb6 38.Bxb6 Qxb6 39.Qxb6 Rxb6 40.Rab1 Ra6 41.Bb5 Ra7 42.Rc8+ Kg7
43.Rd8 Bc5 44.Rd7 Ra8 45.Rc1 Bb6 46.Kg2 Rb8 47.Rb1 Bd4 48.Bd3 Rc8 49.Rb5 Bc3
50.Rb6 Bd4 51.Rxe6 Rc3 52.Bb5 Bc5 53.Re8 d4 54.Rc8 Nb3 55.Rcc7 Kg8 56.Rxf7 Bf8
57.Bc4 Rxc4 58.Rxf8+  1-0

[Event "TCh-FRA Nat1 GpA"]
[Site "Evry FRA"]
[Date "2004.01.31"]
[Round "2"]
[White "Agrest,E"]
[Black "Vallin,G"]
[Result "1-0"]
[WhiteElo "2616"]
[BlackElo "2419"]

1.c4 c5 2.Nf3 Nf6 3.Nc3 b6 4.d4 cxd4 5.Nxd4 Bb7 6.f3 d6 7.e4 e6 8.Be2 a6
9.O-O Nbd7 10.Be3 Be7 11.a4 O-O 12.a5 d5 13.cxd5 exd5 14.exd5 Bc5 15.Nf5 g6
16.Bxc5 Nxc5 17.b4 gxf5 18.bxc5 bxc5 19.Bc4 Ne8 20.Qd2 Qf6 21.Be2 Nd6 22.Rfd1 Rfe8
23.Bf1 Rad8 24.Rab1 Kh8 25.Rb6 Qe5 26.h3 Rg8 27.Qe1 Qg7 28.Na4 Bc8 29.Qc3 f6
30.Nxc5 f4 31.Ne4 Nxe4 32.fxe4 Rdf8 33.Rd2 Qh6 34.Rd3 Qg5 35.Rf3 Bd7 36.Qd2 Bb5
37.Qxf4 Qg7 38.Rf2 Bxf1 39.Kxf1 f5 40.e5 Re8 41.Re2 Qc7 42.d6  1-0

[Event "9th HIT Open"]
[Site "Nova Gorica SLO"]
[Date "2004.01.31"]
[Round "2"]
[White "Saric,A"]
[Black "Jaracz,B"]
[Result "1-0"]
[WhiteElo "2379"]
[BlackElo "2287"]

1.Nf3 Nf6 2.c4 g6 3.Nc3 c5 4.d4 cxd4 5.Nxd4 Bg7 6.e4 d6 7.Be2 O-O 8.Be3 Bd7
9.O-O Nc6 10.Qd2 Nxd4 11.Bxd4 Bc6 12.f3 Nd7 13.Be3 a6 14.Rab1 b5 15.a3 Qb8
16.cxb5 axb5 17.Na2 Nb6 18.Nb4 Bd7 19.Rfc1 Qb7 20.Rc2 Rfc8 21.Rbc1 Rxc2 22.Rxc2 Rc8
23.Rxc8+ Nxc8 24.Nd5 e6 25.Nb4 h5 26.Kf2 Bf6 27.Bd4 Bxd4+ 28.Qxd4 Qc7 29.Na2 Qc5
30.Qxc5 dxc5 31.Nc3 Na7 32.e5 Bc6 33.Ke3 b4 34.Ne4 bxa3 35.bxa3 Bxe4 36.Kxe4 Kf8
37.Kd3 Nc6 38.Kc4 Nxe5+ 39.Kxc5 Ke7 40.Bb5 f5 41.a4 Nf7 42.a5 Nd6 43.a6 Nc8
44.Bc6  1-0

[Event "75th ch-GER"]
[Site "Hoeckendorf GER"]
[Date "2004.02.01"]
[Round "3"]
[White "Bauer,E"]
[Black "Voigt,R"]
[Result "0-1"]
[WhiteElo "2276"]
[BlackElo "2381"]

1.Nf3 c5 2.c4 Nf6 3.Nc3 e6 4.e3 Be7 5.Be2 O-O 6.b3 b6 7.Bb2 Bb7 8.Qc2 d5
9.O-O Nc6 10.d4 cxd4 11.exd4 Rc8 12.Rac1 Qd6 13.Rfd1 Rfd8 14.a3 Qf4 15.cxd5 Nxd5
16.Nxd5 Rxd5 17.Bc4 Na5 18.Qe2 Nxc4 19.bxc4 Rh5 20.d5 Bd6 21.Rd4 Qh6 22.h4 exd5
23.g4 Rxh4 24.Nxh4 Qxh4 25.Qf3 Be5 26.Rd2 Qh2+ 27.Kf1 Bf4 28.Rd4 Bxc1 29.Bxc1 Qe5
30.Bb2 Rd8 31.Qc3 f6 32.f4 Qe6 33.g5 Re8 34.gxf6 Qe2+ 35.Kg1 Qg4+ 36.Kf1 Re2  0-1

[Event "9th HIT Open"]
[Site "Nova Gorica SLO"]
[Date "2004.02.03"]
[Round "7"]
[White "Barle,J"]
[Black "Saric,A"]
[Result "1/2-1/2"]
[WhiteElo "2394"]
[BlackElo "2379"]

1.Nf3 Nf6 2.c4 c5 3.Nc3 d5 4.cxd5 Nxd5 5.e3 Nxc3 6.bxc3 g6 7.d4 Bg7 8.Be2 O-O
9.O-O b6 10.Bb2 Bb7 11.Qb3 Qc7 12.Rfd1 e6 13.Rac1 Nd7 14.c4 cxd4 15.exd4 Rac8
16.Qe3 Rfe8 17.h3 e5 18.d5 Nc5 19.Bf1 Rcd8 20.Re1 e4 21.Bxg7 Kxg7 22.Nd2 Qd6  1/2-1/2

[Event "Gibraltar Masters"]
[Site "Catalan Bay ENG"]
[Date "2004.02.04"]
[Round "9"]
[White "Pogorelov,R"]
[Black "Seel,C"]
[Result "1/2-1/2"]
[WhiteElo "2451"]
[BlackElo "2380"]

1.Nf3 Nf6 2.c4 c5 3.Nc3 d5 4.cxd5 Nxd5 5.g3 g6 6.Bg2 Bg7 7.Qa4+ Nc6 8.Qc4 Nxc3
9.dxc3 Qb6 10.Ng5 Ne5 11.Qe4 h6 12.Nf3 Bf5 13.Qf4 Nxf3+ 14.Qxf3 Rb8 15.O-O O-O
16.e4 Be6 17.Qe2 Qa5 18.Be3 b5 19.Bxc5 Bc4 20.Qe3 Bxf1 21.Bxf1 Rb7 22.e5 Rc8
23.e6 f5 24.Bg2 Rbc7 25.Bb4 Qa4 26.Bd5 Rd8 27.Bb3 Qa6 28.a4 bxa4 29.Rxa4 Qb6
30.Qf4 a5 31.Rxa5 Ra7 32.Rxa7 Qxa7 33.Kg2 Qa8+ 34.Qf3 Kf8 35.Qxa8 Rxa8 36.Kf3 Ra1
37.Bd5 Rd1 38.c4 Rd3+ 39.Ke2 Rb3 40.Bd2 Rxb2 41.Kd3 Rb3+ 42.Kc2 Rb2+ 43.Kd3 Rb3+
44.Kc2 Rb2+  1/2-1/2

[Event "TCh-SWE 2003-4"]
[Site "Malmo SWE"]
[Date "2004.02.07"]
[Round "7"]
[White "Hultin,J"]
[Black "Eriksson,Mag1"]
[Result "1/2-1/2"]
[WhiteElo "2300"]
[BlackElo "2333"]

1.Nf3 c5 2.c4 Nf6 3.Nc3 e6 4.g3 b6 5.Bg2 Bb7 6.O-O Be7 7.Re1 O-O 8.e4 d6
9.d4 cxd4 10.Nxd4 Qc8 11.b3 a6 12.Bb2 Nbd7 13.Qe2 Re8 14.Rad1 Bf8 15.f4 e5
16.Nc2 exf4 17.gxf4 Nc5 18.e5 dxe5 19.fxe5 Ncd7 20.Nd5 Nxd5 21.Bxd5 Bxd5
22.Rxd5 Nc5 23.Rf1 Qc6 24.Qh5 Ra7 25.Nd4 Qg6+ 26.Qxg6 hxg6 27.Nf3 Ne6 28.Rfd1 b5
29.Bd4 Raa8 30.Be3 bxc4 31.bxc4 Rec8 32.Rc1 Rab8 33.Rc2 Rc6 34.Nd2 Bc5 35.Kf2  1/2-1/2

[Event "V Comunic Masters"]
[Site "Sao Paulo BRA"]
[Date "2004.02.12"]
[Round "1"]
[White "Abreu,A"]
[Black "Dumont,S"]
[Result "1-0"]
[WhiteElo "2424"]
[BlackElo "2341"]

1.Nf3 c5 2.c4 Nf6 3.Nc3 g6 4.d4 Bg7 5.e4 O-O 6.Be2 d6 7.O-O Nc6 8.d5 Na5
9.Bf4 Bg4 10.Nd2 Bxe2 11.Qxe2 Nd7 12.Rac1 Qb6 13.b3 Qb4 14.Nb5  1-0

[Event "FSIM February"]
[Site "Budapest HUN"]
[Date "2004.02.13"]
[Round "7"]
[White "Dub,Z"]
[Black "Fodor,T jr"]
[Result "1-0"]
[WhiteElo "2270"]
[BlackElo "2130"]

1.c4 Nf6 2.Nc3 c5 3.Nf3 e6 4.g3 b6 5.Bg2 Bb7 6.O-O Be7 7.Re1 d5 8.cxd5 exd5
9.d4 O-O 10.Bg5 Nc6 11.Rc1 h6 12.Be3 Re8 13.Ne5 Bd6 14.Nd3 Qd7 15.dxc5 bxc5
16.Bf4 Rad8 17.Bxd6 Qxd6 18.e3 Ba8 19.Na4 Nd7 20.b3 Qe7 21.Qd2 Kh8 22.Qa5 Nb4
23.Naxc5 Nc6 24.Qc7 Nxc5 25.Qxe7 Nxd3 26.Qxf7 Nxe1 27.Rxe1 d4 28.Rd1 d3 29.Rxd3 Ne5
30.Rxd8 Rxd8 31.Qh5  1-0

[Event "Bundesliga 2003-4"]
[Site "Stuttgart GER"]
[Date "2004.02.14"]
[Round "8"]
[White "Werle,J"]
[Black "Vuckovic,Alek"]
[Result "1-0"]
[WhiteElo "2407"]
[BlackElo "2321"]

1.Nf3 c5 2.c4 Nf6 3.Nc3 g6 4.e4 Bg7 5.d4 cxd4 6.Nxd4 Nc6 7.Be3 O-O 8.Be2 d6
9.O-O Bd7 10.Qd2 Nxd4 11.Bxd4 Bc6 12.f3 a5 13.Rac1 Nd7 14.Be3 Nc5 15.b3 Re8
16.Kh1 Be5 17.Rc2 e6 18.Bg5 Qb6 19.Rb1 Qb4 20.Qc1 Qb6 21.Bf1 f5 22.exf5 gxf5
23.Bf4 Re7 24.Nb5 Bxb5 25.Bxe5 dxe5 26.cxb5 Nd7 27.Qe1 Rf8 28.Rd1 e4 29.fxe4 f4
30.e5 Rf5 31.Rc8+ Rf8 32.Qh4 Rf7 33.Qg5+ Rg7 34.Rxf8+ Nxf8 35.Qxf4 Ng6 36.Qe4 Rf7
37.Bc4 Kg7 38.Qg4 Rf5 39.Rd7+ Kh6 40.Qh3+ Kg5 41.Rxh7 Rxe5 42.Qh6+ Kf6 43.Qg7+ Kg5
44.h4+ Kf4 45.Qh6+  1-0

[Event "Aeroflot Open"]
[Site "Moscow RUS"]
[Date "2004.02.17"]
[Round "1"]
[White "Sargissian,G"]
[Black "Pantsulaia,L"]
[Result "1/2-1/2"]
[WhiteElo "2618"]
[BlackElo "2501"]

1.Nf3 Nf6 2.c4 c5 3.Nc3 e6 4.g3 b6 5.Bg2 Bb7 6.O-O a6 7.Re1 d6 8.e4 Nbd7
9.d4 cxd4 10.Nxd4 Qc7 11.Be3 Be7 12.Rc1 O-O 13.f4 Rac8 14.g4 Nc5 15.Bf2 g6
16.f5 exf5 17.exf5 Bxg2 18.Kxg2 Qb7+ 19.Qf3 Qxf3+ 20.Kxf3 Nd3 21.Rxe7 Nxc1
22.Bh4 Ne8 23.b3 b5 24.Nd5 bxc4 25.Rb7 Kh8 26.Be7 Rg8 27.Nb6 Rc5 28.Nxc4 Nd3
29.f6 h5 30.h3 d5 31.Bxc5 Nxc5 32.Ne5 hxg4+ 33.hxg4 Nxb7 34.Nxf7+ Kh7 35.Ng5+ Kh6
36.Nf7+ Kh7 37.Ng5+ Kh6 38.f7 Rh8 39.Nge6 Rf8 40.Ng5 Rh8 41.Nde6 Rf8 42.Kf4 Rh8
43.Kf3 d4 44.Kf4 Ng7 45.f8=N Ne8 46.Ne4 d3 47.Ke3 g5  1/2-1/2

[Event "5th Montenegro Open"]
[Site "Sozina SCG"]
[Date "2004.02.18"]
[Round "1"]
[White "Nikcevic,N"]
[Black "Dodic,D"]
[Result "1-0"]
[WhiteElo "2455"]
[BlackElo "2179"]

1.Nf3 Nf6 2.c4 c5 3.Nc3 d5 4.cxd5 Nxd5 5.e3 Nc6 6.Bb5 Qd6 7.Ne4 Qg6 8.Nxc5 e5
9.Nd3 e4 10.Nde5 Qd6 11.Nc4 Qg6 12.Nce5 Qd6 13.Nd4 Qxe5 14.Nxc6 bxc6 15.Bxc6+ Bd7
16.Bxa8 Nb4 17.O-O Bd6 18.f4 Qe7 19.a3 Nd3 20.Bd5 O-O 21.Bc4 Kh8 22.b3 Qf6
23.Rb1 Qg6 24.Bxd3 exd3 25.Qf3 Bf5 26.Bb2 Qe6 27.b4 Be4 28.f5 Qd5 29.Qg4 f6
30.Rbc1 a6 31.Bc3 Ra8 32.Bd4 Rd8  1-0

[Event "5th Montenegro Open"]
[Site "Sozina SCG"]
[Date "2004.02.20"]
[Round "3"]
[White "Cabrilo,G"]
[Black "Vajda,S"]
[Result "1/2-1/2"]
[WhiteElo "2484"]
[BlackElo "2382"]

1.c4 Nf6 2.Nc3 c5 3.Nf3 d5 4.cxd5 Nxd5 5.e3 e6 6.d4 cxd4 7.exd4 Bb4 8.Bd2 O-O
9.Bd3 Nc6 10.O-O Be7 11.a3 Bf6 12.Qc2 h6 13.Be3 Nxc3 14.bxc3 b6 15.Rad1 Bb7
16.c4 Ne7 17.Bh7+  1/2-1/2

[Event "2nd IM"]
[Site "Nancy FRA"]
[Date "2004.02.21"]
[Round "7"]
[White "Paci,C"]
[Black "Gouliev,N"]
[Result "0-1"]
[WhiteElo "2240"]
[BlackElo "2453"]

1.Nf3 Nf6 2.c4 c5 3.Nc3 b6 4.e4 d6 5.d4 cxd4 6.Nxd4 Bb7 7.f3 e6 8.Be2 Be7
9.Be3 O-O 10.O-O Nbd7 11.Qd2 a6 12.Rfd1 Rc8 13.b3 Qc7 14.Rac1 Qb8 15.Bf1 Rfe8
16.Qf2 Bd8 17.g4 h6 18.h4 Ne5 19.Bh3 Ng6 20.g5 hxg5 21.hxg5 Nh7 22.f4 e5
23.fxe5 Nxg5 24.Bxg5 Bxg5 25.Nf3 Bxc1 26.exd6 Ba3 27.d7 Bc5 28.Nd4 Nf4 29.dxc8=Q Bxc8
30.Bxc8 Rxc8 31.Qe3 Ne6 32.Nce2 Rd8  0-1

[Event "VII Malaga Open"]
[Site "Campillos ESP"]
[Date "2004.02.22"]
[Round "2"]
[White "Collas,D"]
[Black "Kirkebo,C"]
[Result "1-0"]
[WhiteElo "2436"]
[BlackElo "2199"]

1.Nf3 Nf6 2.c4 c5 3.Nc3 d5 4.cxd5 Nxd5 5.d4 g6 6.dxc5 Nxc3 7.Qxd8+ Kxd8 8.bxc3 Nd7
9.Be3 Bg7 10.Bd4 e5 11.Be3 e4 12.Nd4 Nxc5 13.g3 Ne6 14.Bg2 f5 15.f3 exf3
16.Bxf3 Ke7 17.O-O Nxd4 18.cxd4 Rd8 19.Rfd1 Be6 20.Rab1 Rd7 21.d5 Rad8 22.Bxa7 Bxd5
23.Bb6  1-0

[Event "5th Montenegro Open"]
[Site "Sozina SCG"]
[Date "2004.02.22"]
[Round "5"]
[White "Cabrilo,G"]
[Black "Milanovic,Da"]
[Result "1/2-1/2"]
[WhiteElo "2484"]
[BlackElo "2443"]

1.c4 c5 2.Nf3 Nf6 3.Nc3 g6 4.g3 b6 5.Bg2 Bb7 6.O-O Bg7 7.d4 cxd4 8.Nxd4 Bxg2
9.Kxg2 Qc7 10.b3 O-O  1/2-1/2

[Event "VII Malaga Open"]
[Site "Campillos ESP"]
[Date "2004.02.24"]
[Round "5"]
[White "Collas,S"]
[Black "Suba,M"]
[Result "0-1"]
[WhiteElo "2330"]
[BlackElo "2522"]

1.Nf3 Nf6 2.c4 c5 3.Nc3 e6 4.g3 b6 5.Bg2 Bb7 6.O-O d6 7.Re1 Be7 8.e4 Nbd7
9.d4 cxd4 10.Nxd4 Qc7 11.Be3 Rc8 12.f4 Qb8 13.b3 a6 14.Rc1 Qa8 15.Bf2 O-O
16.g4 Nc5 17.Qe2 g6 18.b4 Ncd7 19.g5 Nh5 20.Qg4 Rce8 21.Nde2 Qc8 22.Ng3 f5
23.exf5 exf5 24.Bxb7 Qxb7 25.Qh4 Ng7 26.Nd5 Rf7 27.Bd4 Bf8 28.Rxe8 Nxe8 29.Re1 Nc7
30.Ne3 d5 31.Nxd5 Nxd5 32.Nxf5 Qc8 33.Nh6+ Bxh6 34.Qxh6 Nxf4 35.Rf1 Qc7 36.Re1 Nf8
37.Re4 Ne2+ 38.Kg2  0-1

[Event "Open"]
[Site "Jersey JCI"]
[Date "2004.02.25"]
[Round "4"]
[White "Greenfeld,A"]
[Black "Gwaze,R"]
[Result "1-0"]
[WhiteElo "2539"]
[BlackElo "2345"]

1.Nf3 Nf6 2.c4 e6 3.Nc3 c5 4.g3 Nc6 5.Bg2 d5 6.cxd5 Nxd5 7.O-O Be7 8.d4 O-O
9.e4 Nxc3 10.bxc3 cxd4 11.cxd4 b6 12.Bb2 Ba6 13.Re1 Bb4 14.Re3 Na5 15.Qa4 Be7
16.d5 Bc5 17.Bd4 Rc8 18.Rc3 Bxd4 19.Qxd4 Rxc3 20.Qxc3 exd5 21.Rd1 d4 22.Nxd4 Bc4
23.Bf1 Qc7 24.Rc1 Rc8 25.Nb3 Bxb3 26.Qxc7 Rxc7 27.Rxc7 Be6 28.Rxa7 g6 29.a3 Nb3
30.Rb7 Nd2 31.Rxb6  1-0

[Event "II GM-Tage"]
[Site "Pulvermuehle GER"]
[Date "2004.02.25"]
[Round "8"]
[White "Gustafsson,J"]
[Black "Bischoff,K"]
[Result "1/2-1/2"]
[WhiteElo "2572"]
[BlackElo "2561"]

1.Nf3 Nf6 2.c4 e6 3.Nc3 c5 4.g3 b6 5.Bg2 Bb7 6.O-O Be7 7.d4 cxd4 8.Qxd4 d6
9.Bg5 a6 10.Bxf6 Bxf6 11.Qd3 Bxf3 12.exf3 Ra7 13.f4 g6 14.Rfd1 Be7 15.Rac1 O-O
16.b3 Nd7 17.Qe2 Nf6 18.Bf3 Qb8 19.a4 Rc8 20.Qb2  1/2-1/2

[Event "5th Montenegro Open"]
[Site "Sozina SCG"]
[Date "2004.02.25"]
[Round "8"]
[White "Kalinin,Al"]
[Black "Bojkovic,N"]
[Result "1/2-1/2"]
[WhiteElo "2466"]
[BlackElo "2391"]

1.Nf3 Nf6 2.c4 e6 3.Nc3 c5 4.g3 b6 5.Bg2 Bb7 6.O-O Be7 7.Re1 d6 8.e4 a6 9.d4 cxd4
10.Nxd4 Qc7 11.Be3 Nbd7 12.Rc1 O-O 13.f4 h5 14.h3 Rfe8 15.Bf2 g6 16.f5 Bf8
17.fxe6 fxe6 18.Qd2 Ne5 19.b3 Bg7 20.Be3 Re7 21.Rf1 Rf8 22.Rf2 Qc8 23.Rcf1 Ree8
24.Bg5 Nh7 25.Rxf8+ Rxf8 26.Rxf8+ Nxf8 27.Be3 Qc7 28.Kh1 Nfd7 29.Nde2  1/2-1/2

[Event "5th Montenegro Open"]
[Site "Sozina SCG"]
[Date "2004.02.25"]
[Round "8"]
[White "Pavlovic,Mi2"]
[Black "Vuckovic,Bo"]
[Result "0-1"]
[WhiteElo "2445"]
[BlackElo "2511"]

1.Nf3 Nf6 2.c4 c5 3.Nc3 e6 4.g3 b6 5.Bg2 Bb7 6.O-O Be7 7.d4 cxd4 8.Qxd4 d6
9.Bg5 a6 10.Bxf6 Bxf6 11.Qd3 Ra7 12.Rad1 Bxf3 13.exf3 Rd7 14.f4 Bxc3 15.bxc3 O-O
16.Rb1 d5 17.cxd5 exd5 18.Rfd1 d4 19.cxd4 Rd6 20.Rbc1 h6 21.d5 b5 22.Qf5 Re8
23.h4 Nd7 24.h5 Qf6 25.Qxf6 Nxf6 26.Bf3 Red8 27.Rc5 Nd7 28.Rc6 Nb6 29.Kf1 Kf8
30.Rxd6 Rxd6 31.Ke2 Ke7 32.Ke3 Rd8 33.Be4 Rd7 34.Kd4 Rc7 35.Bd3 Kd6 36.Re1 Nxd5
37.a3 Ne7 38.Ra1 Nc6+ 39.Ke3 Na5 40.a4 Re7+ 41.Kf3 Nb3 42.Rd1 bxa4 43.Bb5+ Nd4+
44.Rxd4+ Kc5 45.Rxa4 axb5 46.Ra5 Kc4 47.Ra8 b4 48.Rc8+ Kd3 49.Rb8 Kc3 50.Rc8+ Kb2
51.Rg8 f6 52.Rb8 b3 53.Kg4 Rc7 54.Kf5 Kc2  0-1

[Event "VII Malaga Open"]
[Site "Campillos ESP"]
[Date "2004.02.26"]
[Round "7"]
[White "Alonso,Re"]
[Black "Gamundi Salamanca,A"]
[Result "1-0"]
[WhiteElo "2371"]
[BlackElo "2448"]

1.Nf3 Nf6 2.c4 c5 3.Nc3 e6 4.g3 b6 5.Bg2 Bb7 6.O-O Be7 7.d4 cxd4 8.Qxd4 Nc6
9.Qf4 O-O 10.Rd1 a6 11.b3 Rc8 12.e4 Ne8 13.Qd2 Rc7 14.Qe2 f5 15.Bf4 Rc8 16.exf5 Rxf5
17.Ne5 Nxe5 18.Bxb7 Rc5 19.Be4 Rxf4 20.gxf4 Nf7 21.Na4 Ra5 22.f5 Bd6 23.fxe6 dxe6
24.c5 bxc5 25.Bc6 Qg5+ 26.Kf1 Bxh2 27.Qxe6 Nd6 28.Rxd6 Bxd6 29.Be8 Qf6 30.Bxf7+ Qxf7
31.Qxd6 Qf3 32.Qe6+ Kf8 33.Qd6+ Kf7 34.Qc7+ Ke6 35.Qxa5 Qh1+ 36.Ke2 Qe4+
37.Kd2 Qd4+ 38.Kc2 Qxa1 39.Qxa6+ Kf5 40.Nxc5 h5 41.Nd3 h4 42.f4 Kg4 43.Qg6+ Kf3
44.Qh5+ Kg3 45.Qg5+ Kf3 46.Qxh4 Qxa2+ 47.Nb2 Qa7 48.f5 Qc5+ 49.Nc4 Qxf5+
50.Kb2 g5 51.Qh1+ Kf2 52.Qh2+ Kf3 53.Ne5+ Ke4 54.Qe2+ Kd5 55.Ng4 Qf4 56.Qd3+ Ke6
57.Qc4+ Kf5 58.Qxf4+ Kxf4 59.Nh6 g4 60.Nxg4 Kxg4 61.Kc3 Kf5 62.Kd4 Ke6 63.Kc5 Kd7
64.Kb6 Kc8 65.b4 Kb8 66.b5 Ka8 67.Kc7  1-0

[Event "5th Montenegro Open"]
[Site "Sozina SCG"]
[Date "2004.02.26"]
[Round "9"]
[White "Stanojevic,B"]
[Black "Milanovic,Da"]
[Result "0-1"]
[WhiteElo "2342"]
[BlackElo "2443"]

1.Nf3 c5 2.c4 Nf6 3.Nc3 d5 4.cxd5 Nxd5 5.g3 Nc6 6.Bg2 Nc7 7.d3 e5 8.Nd2 Bd7
9.O-O Be7 10.Nc4 f6 11.f4 b5 12.Ne3 exf4 13.gxf4 O-O 14.Bd2 Rb8 15.Rc1 f5
16.Ncd5 Ne6 17.Nxe7+ Qxe7 18.Nd5 Qd6 19.Kh1 Bc8 20.b4 Nxb4 21.Nxb4 cxb4 22.Rc6 Qe7
23.Qb3 a5 24.Bd5 Re8 25.e4 Kh8 26.Be3 Bd7 27.Rc2 Rbc8 28.Rg2 Qf6 29.Rfg1 fxe4
30.Bxe4 Re7 31.f5 Nc5 32.Qd5 Nxe4 33.dxe4 Bc6 34.Rc1 Bxd5 35.Rxc8+ Bg8 36.Bg5 Qa6
37.Rgc2 Rxe4 38.R2c6 Qa7 39.f6 Re1+ 40.Kg2 Qg1+ 41.Kh3 Qxg5  0-1

[Event "ch-CZE"]
[Site "Karlovy Vary CZE"]
[Date "2004.02.27"]
[Round "11"]
[White "Jirovsky,M"]
[Black "Bernasek,J"]
[Result "1/2-1/2"]
[WhiteElo "2526"]
[BlackElo "2381"]

1.Nf3 Nf6 2.c4 c5 3.Nc3 e6 4.g3 b6 5.Bg2 Bb7 6.O-O Be7 7.d4 cxd4 8.Qxd4 d6
9.Rd1 a6 10.Ng5 Bxg2 11.Kxg2 Nc6 12.Qf4 Qc7 13.b3 O-O 14.Ba3 Rfd8 15.Nge4 Ne8
16.Rac1 d5 17.Bxe7 Nxe7 18.cxd5 Qxf4 19.gxf4 exd5 20.Ng5 Rd6 21.Nf3 g6 22.e3 f6
23.Ne2 Rc8 24.Ned4 Rxc1 25.Rxc1 Kf7 26.Kf1 Rd8 27.Ke2 Rc8 28.Rxc8 Nxc8 29.Nc6 Nc7
30.Nfd4 Nd6 31.f3 Ndb5 32.Nxb5 Nxb5 33.Nb8 Nc7 34.Nd7 Na8 35.Kd3 Ke7 36.Nb8 Nc7
37.Nc6+ Kd6 38.Nd4 Ne8 39.b4 Nc7 40.Kc3 g5 41.fxg5 fxg5 42.f4 gxf4 43.exf4 Ke7
44.Kd3 Kf6 45.Ke3 Ne8 46.Nc6 Ke6 47.Nd4+ Kf6 48.a4 Nd6 49.Nc6 Ke6 50.Nd4+ Kf6
51.Nc6 Ke6 52.Nd4+ Kf6  1/2-1/2

[Event "II GM-Tage"]
[Site "Pulvermuehle GER"]
[Date "2004.02.27"]
[Round "10"]
[White "Gustafsson,J"]
[Black "Prusikin,M"]
[Result "1-0"]
[WhiteElo "2572"]
[BlackElo "2519"]

1.Nf3 Nf6 2.c4 c5 3.Nc3 e6 4.g3 b6 5.Bg2 Bb7 6.O-O Be7 7.d4 cxd4 8.Qxd4 d6
9.Bg5 a6 10.Rfd1 Nbd7 11.Qd2 O-O 12.Bf4 Ne8 13.Rac1 Qc7 14.b3 Rc8 15.Qe3 Qb8
16.Nd5 Bd8 17.Bh3 Kh8 18.Ng5 b5 19.Nxf7+  1-0

[Event "TCh-SWE 2003-4"]
[Site "Goteborg SWE"]
[Date "2004.02.28"]
[Round "8"]
[White "Cramling,D"]
[Black "Ornstein,A"]
[Result "0-1"]
[WhiteElo "2425"]
[BlackElo "2426"]

1.c4 c5 2.Nf3 Nf6 3.Nc3 e6 4.e3 b6 5.d4 g6 6.dxc5 bxc5 7.e4 Bb7 8.Bd3 d6
9.e5 dxe5 10.Nxe5 Bg7 11.Qa4+ Nfd7 12.Nxd7 Nxd7 13.O-O O-O 14.Be4 Nb6 15.Qc2 Bxe4
16.Nxe4 Qd4 17.Rb1 Qxc4 18.Qxc4 Nxc4 19.b3 Nb6 20.Nxc5 Rfc8 21.b4 Nd5 22.a3 Bd4
23.Na4 Rc4 24.Bb2 a5 25.Rfd1 axb4 26.Rxd4 Rxd4 27.Bxd4 Rxa4 28.axb4 Rxb4
29.Rd1 f6 30.h3 Kf7 31.Kh2 g5 32.Rd2 h5 33.Rd1 Kg6 34.Rd2 Ra4 35.Kg1 Kf5
36.Kh2 Rc4 37.Ba7 Rc7 38.Bd4 Rb7 39.Kg1 Rb1+ 40.Kh2 Rb4 41.Bc5 Rb5 42.Bd4 e5
43.Bb2 Ke6 44.Ba3 Rb3 45.Bf8 Rc3 46.Ra2 Rc8 47.Ra6+ Kf5 48.Bd6 Rc2 49.Kg1 g4
50.hxg4+ hxg4 51.Ra3 Nc3 52.Bb4 Rc1+ 53.Kh2 Ne4 54.g3 Nxf2 55.Ra2 Ne4 56.Kg2 Rb1
57.Ba5 Ke6 58.Bc7 Rb3  0-1

[Event "20th Open"]
[Site "Cappelle la Grande FRA"]
[Date "2004.03.01"]
[Round "3"]
[White "Fridman,D2"]
[Black "Colovic,A"]
[Result "1/2-1/2"]
[WhiteElo "2592"]
[BlackElo "2409"]

1.Nf3 Nf6 2.c4 c5 3.Nc3 e6 4.g3 d5 5.cxd5 exd5 6.d4 Nc6 7.Bg2 Be7 8.O-O O-O
9.b3 Ne4 10.Bb2 Bf6 11.Na4 b6 12.Rc1 Ba6 13.Re1 Rc8 14.Bh3 Rb8 15.dxc5 Bxb2
16.Nxb2 bxc5 17.Na4 c4 18.bxc4 dxc4 19.Bf5 Nd6 20.Nc5 Bc8 21.Bb1 Qf6 22.Qd5 Rb6
23.Ne4 Nxe4 24.Qxe4 g6 25.Qxc4 Ba6 26.Qf4 Qxf4 27.gxf4 Nb4 28.Ne5 Bb5 29.Rcd1 Ra6
30.Rd2 f6 31.Nd7 Rc8 32.f5 Kg7 33.fxg6 hxg6 34.Rb2 Ra4 35.Nxf6 Kxf6 36.a3 a5
37.axb4 Rxb4 38.Rxb4 axb4 39.Be4 b3 40.f3 b2 41.Rb1 Rc1+ 42.Kf2 Rxb1 43.Bxb1 g5
44.e3 Ke5  1/2-1/2

[Event "ch-BRA"]
[Site "Rio de Janeiro BRA"]
[Date "2004.03.01"]
[Round "6"]
[White "Reis,P"]
[Black "Toth,Chr"]
[Result "0-1"]
[WhiteElo "2301"]
[BlackElo "2344"]

1.Nf3 Nf6 2.c4 c5 3.Nc3 b6 4.g3 Bb7 5.Bg2 g6 6.O-O Bg7 7.d4 cxd4 8.Qxd4 O-O
9.Qh4 d6 10.Bh6 Nbd7 11.Nd5 Rc8 12.Ng5 Ba8 13.Bh3 Bxd5 14.cxd5 Rc2 15.b4 Rxe2
16.Rac1 Rxa2 17.Rc4 Nh5 18.Bxg7 Kxg7 19.Qd4+ Nhf6 20.Rfc1 h6 21.Rc7 Ne5 22.Rc8 hxg5
23.Qd1 Rd2 24.Qb3 Nd3 25.Qc3 Nxc1 26.Qxc1 Qxc8 27.Bxc8 Rxd5 28.Bb7 Re5 29.Qc4 a5
30.b5 Rc5 31.Qe2 e5 32.Bc6 Rd8 33.f3 Nd5 34.Qd2 Nb4 35.Qxg5 Nxc6 36.bxc6 Rc8
37.h4 e4 38.Qg4 R8xc6 39.fxe4 a4 40.e5 Rxe5 41.Qxa4 Rc3 42.Kf2 Rf5+ 43.Kg2 Rd3
44.g4 Ra5 45.Qc2 Raa3 46.Qb2+ Kg8  0-1

[Event "ch-TUR"]
[Site "Kusadasi TUR"]
[Date "2004.03.02"]
[Round "6"]
[White "Erturan,Y"]
[Black "Citak,S"]
[Result "1-0"]
[WhiteElo "2273"]
[BlackElo "2136"]

1.c4 Nf6 2.Nc3 c5 3.Nf3 d5 4.cxd5 Nxd5 5.g3 Nc6 6.Bg2 Nc7 7.O-O e5 8.b3 Be7
9.Bb2 O-O 10.Rc1 f6 11.a3 Be6 12.d3 Qd7 13.Nd2 Bh3 14.Bxh3 Qxh3 15.Na4 f5
16.Nxc5 Rf6 17.Qc2 Rh6 18.Nf3 g5 19.Qc4+ Kh8 20.Nd7 g4 21.Ndxe5 Bf6 22.Nf7+ Kg7
23.Nxh6 gxf3 24.Qf7+ Kxh6 25.Qxf6+ Kh5 26.Qf7+ Kh6 27.Bg7+  1-0

[Event "TCh-FIN 2003-4"]
[Site "Finland FIN"]
[Date "2004.03.13"]
[Round "8"]
[White "Kallio,H"]
[Black "Agopov,M"]
[Result "1/2-1/2"]
[WhiteElo "2471"]
[BlackElo "2378"]

1.c4 Nf6 2.Nc3 c5 3.Nf3 d5 4.cxd5 Nxd5 5.g3 g6 6.Bg2 Bg7 7.O-O O-O 8.Qb3 Nb6
9.d3 Nc6 10.Bf4 Bg4 11.Be3 Nd4 12.Qd1 e5 13.Nd2 Qe7 14.a4 Rad8 15.a5 Nc8
16.Kh1 Nd6 17.Rc1 Rd7 18.Re1 Rc8 19.Qa4 Qd8 20.Nc4 b5 21.axb6 axb6 22.Nxd6 Rxd6
23.b4  1/2-1/2

[Event "TCh-SWE 2003-4"]
[Site "Goteborg SWE"]
[Date "2004.03.13"]
[Round "10"]
[White "Ornstein,A"]
[Black "Tikkanen,H"]
[Result "1-0"]
[WhiteElo "2426"]
[BlackElo "2358"]

1.Nf3 c5 2.c4 Nf6 3.Nc3 d5 4.cxd5 Nxd5 5.g3 Nc6 6.Bg2 Nc7 7.d3 e5 8.Nd2 Bd7
9.O-O Be7 10.Nc4 f6 11.f4 b5 12.Ne3 exf4 13.gxf4 Rb8 14.f5 Nd4 15.Bd2 O-O
16.Ne4 b4 17.Rc1 Rb5 18.Rf2 Qe8 19.Qf1 Qh5 20.Ng3 Qf7 21.Nc4 Rd8 22.Be4 Bc6
23.Bxc6 Nxc6 24.Qh3 Nd5 25.Rg2 Bf8 26.Nh5 Kh8 27.Kh1 Rb7 28.Rcg1 Ne5 29.Nxe5 fxe5
30.e4 Nf6 31.Nxf6 gxf6 32.Qh4 Rxd3 33.Qxf6+ Bg7 34.Qxf7 Rxf7 35.f6  1-0

[Event "Dos Hermanas Internet Final"]
[Site "ICC INT"]
[Date "2004.03.13"]
[Round "1.1"]
[White "Gustafsson,J"]
[Black "Ibrahimov,R"]
[Result "1-0"]
[WhiteElo "2572"]
[BlackElo "2468"]

1.Nf3 c5 2.c4 Nf6 3.Nc3 e6 4.g3 b6 5.Bg2 Bb7 6.O-O d6 7.d4 cxd4 8.Qxd4 a6
9.Bg5 Nbd7 10.Rfd1 Be7 11.Qd2 O-O 12.Bf4 Ne8 13.Rac1 Qc7 14.b3 Rd8 15.Ne1 Bxg2
16.Nxg2 Qb7 17.Qd3 Nc5 18.Qf3 Qxf3 19.exf3 Nf6 20.Rd2 Nb7 21.Be3 Nd7 22.Nf4 Rc8
23.Kg2 h6 24.h4 Rfd8 25.Rdc2 Ndc5 26.b4 Nd7 27.Na4 Rc6 28.Ne2 Re8 29.Nd4 Rcc8
30.a3 Bf8 31.h5 Be7 32.g4 Bd8 33.f4 Bc7 34.Nc6 Nd8 35.Nd4 e5 36.Nf5 Ne6 37.fxe5 dxe5
38.Rd1 Nef8 39.Nd6 Bxd6 40.Rxd6 b5 41.Nc5 Nxc5 42.bxc5 Ne6 43.c6 Red8 44.Rxd8+ Nxd8
45.cxb5 axb5 46.c7 Ne6 47.Bb6 Kf8 48.Rb2 Nd4 49.f4 f6 50.Kf2 Ke7 51.Ke3 Kd6
52.fxe5+ fxe5 53.Ke4 Kc6 54.Bxd4 exd4 55.Rc2+ Kb7 56.Kxd4 Kb6 57.Kd5 Rxc7
58.Rxc7 Kxc7 59.Kc5 Kb7 60.Kxb5 Ka7 61.Kc5  1-0

[Event "Dos Hermanas Internet Final"]
[Site "ICC INT"]
[Date "2004.03.13"]
[Round "2.3"]
[White "Fridman,D2"]
[Black "Shipov,S"]
[Result "1-0"]
[WhiteElo "2592"]
[BlackElo "2593"]

1.Nf3 Nf6 2.c4 c5 3.Nc3 e6 4.g3 b6 5.Bg2 Bb7 6.O-O Be7 7.Re1 d6 8.e4 a6 9.d4 cxd4
10.Nxd4 Qc7 11.Be3 O-O 12.Rc1 Nbd7 13.f4 Rfe8 14.b3 Rad8 15.g4 Nc5 16.Bf2 d5
17.cxd5 Qxf4 18.b4 exd5 19.Bg3 Qxg4 20.exd5 Qg6 21.bxc5 Bxc5 22.Rxe8+ Rxe8
23.Na4 Bxd5 24.Nxc5 bxc5 25.Rxc5 Bxg2 26.Kxg2 Qe4+ 27.Kg1 Rd8 28.Rc4 h6 29.Ra4 Ng4
30.Qf3 Qb1+ 31.Kg2 Qb2+ 32.Ne2 h5 33.Rxa6 f6 34.Ra8 Rxa8 35.Qxa8+ Kh7 36.Qe4+ g6
37.a4 f5 38.Qe7+ Kg8 39.h3 Nh6 40.Qe6+ Nf7 41.Qxg6+ Kf8 42.Qxh5 f4 43.Bxf4 Qb7+
44.Qf3 Qa6 45.Qe4 Qf6 46.Ng3 Qa6 47.Kf3 Qa5 48.Qc4 Qb6 49.Qb5 Qd4 50.Qf5 Qc3+
51.Kg4 Qc4 52.Qf6 Ke8 53.Qf5 Qc8 54.Ne4  1-0